000 01007nam a22003137a 4500
001 BR0602585
003 BR-BrBNA
005 20230928102155.0
007 ta
008 230509b bl.||||| |||| 00| 0 por d
040 _aBR-BrBNA
_bpor
_cBiblioteca Nacional de Agricultura
041 _a(Por)
072 _aL73; L70
_b4110
090 _ 4110 BR0602585
100 1 _aGonçalves, L.A.
110 1 _aUniversidade Federal de Minas Gerais, Belo Horizonte (Brasil). Escola de Veterinária
_0Tese (Mestre em Medicina Veterinária)
245 1 _aSeleção de colônias de Clostridium perfringens tipo D produtoras de toxina épsilon por "Dot Blot"
260 3 _aBelo Horizonte, MG (Brasil):
_c2004.
300 _a31 p.
500 _aSummaries (Eng, Por); 27 ref.; 12 illus.
650 _aTOXINA
650 _aENTEROTOXINA
650 _aINOCULAÇÃO
650 _aVACINA
650 _aANÁLISE DE LABORATÓRIO
650 _aDOENÇA ANIMAL
909 _a202309
_bLucia
_c55
_dLucia Elande
942 _cBK
999 _c69489
_d69489